000
00255 a2200109 4500
001
63503
082
_a
358.414 ETH
090
_c
37517
_d
37517
100
_a
Ethell Jeffrey
245
_a
Air war; South Atlantic
260
_a
Lahore
_b
PAF Book Club]
_c
1983
942
_a
NUST-CAE
_k
358.414 ETH
999
_c
298576
_d
298576